| 000 | 01008nac a22002291u 4500 | ||
|---|---|---|---|
| 020 | _a0070586853 | ||
| 082 |
_a658.404076 _bP5581 |
||
| 090 |
_c1115 _d1115 |
||
| 100 | _aPhillips, Joseph. | ||
| 245 | 1 | 0 |
_aPMP project management professional study guide / _cJoseph Phillips. |
| 246 | 3 | 0 | _aProject management professional study guide |
| 246 | 3 | 0 | _aPMP |
| 260 |
_aNew York : _bMcGraw-Hill/Osborne, _cc2004. |
||
| 300 |
_axxxi, 588 p. : _bill. ; _c23 cm. + _e1 CD-ROM (4 3/4 in.) |
||
| 500 | _aIncludes index. | ||
| 500 |
_a5 Uk _aFormerly CIP. |
||
| 650 |
_aProject management _cExaminations _vStudy guides. |
||
| 650 |
_aProject management _vExaminations, questions, etc. |
||
| 942 |
_cBB _k658.404076P5581 |
||
| 999 |
_c1115 _d1115 |
||